[Event "Africa Cup"]
[Site "SchemingMind.com"]
[Date "2011.07.20"]
[Round "-"]
[White "docjan"]
[Black "Naoki_M"]
[Result "1-0"]
[WhiteCountry "SWE"]
[BlackCountry "JPN"]
[WhiteElo "2302"]
[WhiteRD "56"]
[BlackElo "1639"]
[BlackRD "83"]
[GameID "288938"]

1. e4 c5 2. Nf3 d6 3. d4 cxd4 4. Nxd4 Nf6 5. Nc3 Nc6 6. Bg5 e6 7. Qd2 Be7 8. O-O-O O-O 9. Ndb5 a6 10. Nxd6 Bxd6
11. Qxd6 Qxd6 12. Rxd6 Ne8 13. Rd2 Nc7 14. Be3 Re8 15. Bc4 b5 16. Be2 Bb7 17. Rhd1 Rac8 18. Kb1 Kf8 19. a3 h6 20. f3 Red8
21. Rxd8+ Nxd8 22. a4 bxa4 23. Nxa4 Ke8 24. Nb6 Rb8 25. Bf4
1-0

[Event "Africa Cup"]
[Site "SchemingMind.com"]
[Date "2011.07.20"]
[Round "-"]
[White "Naoki_M"]
[Black "docjan"]
[Result "0-1"]
[WhiteCountry "JPN"]
[BlackCountry "SWE"]
[WhiteElo "1639"]
[WhiteRD "83"]
[BlackElo "2302"]
[BlackRD "56"]
[GameID "288943"]

1. d4 Nf6 2. c4 e5 3. dxe5 Ng4 4. Bf4 Nc6 5. Nf3 Bb4+ 6. Nbd2 Qe7 7. g3 Ngxe5 8. Nxe5 Nxe5 9. Bxe5 Qxe5 10. Bg2 Qxb2
11. Rc1 Qxa2 12. O-O Qxd2 13. Qxd2 Bxd2 14. Rcd1 Bb4 15. Rb1 a5 16. Rfd1 d6 17. e4 Be6 18. Rbc1 Ra7 19. h4 Bc5 20. Kf1 a4
21. Rd2 a3 22. Ra2 b5
0-1

[Event "Africa Cup"]
[Site "SchemingMind.com"]
[Date "2011.07.26"]
[Round "-"]
[White "kenneth m day"]
[Black "zyga65"]
[Result "0-1"]
[WhiteCountry "USA"]
[BlackCountry "POL"]
[WhiteElo "1938"]
[WhiteRD "56"]
[BlackElo "2005"]
[BlackRD "73"]
[GameID "289222"]

1. d4 Nf6 2. Nf3 d5 3. Bf4 c5 4. e3 Nc6 5. c3 Qb6 6. b3 Bg4 7. Be2 e6 8. Nbd2 cxd4 9. cxd4 Be7 10. O-O O-O
11. h3 Bh5 12. g4 Bg6 13. Nh4 Rac8 14. Nxg6 fxg6 15. Rc1 Ba3 16. Rc3 Qa5 17. Nb1 Ne4 18. Rxc6 Rxc6 19. Nxa3 Qxa3 20. Bd3 Nc3
21. Qd2 Qxa2 22. Qxa2 Nxa2 23. Ra1 Nb4 24. Be2 a6 25. Be5 Rc2 26. Bd1 Rcxf2 27. Bf4 Rd2 28. Bd6 Nc2 29. Bxc2 Rxc2 30. Bxf8 Kxf8
31. Rb1 Ke7 32. b4 Re2 33. Rb3 Rc2 34. Kh1 Kf6 35. b5 a5 36. b6 Ra2 37. Rc3 Rb2 38. Ra3 Rxb6 39. Rxa5 Rb2 40. Ra3 b5
41. Kg1 b4 42. Ra6 b3 43. Rb6 Kg5 44. Rxe6 Rc2
0-1

[Event "Africa Cup"]
[Site "SchemingMind.com"]
[Date "2011.07.23"]
[Round "-"]
[White "zyga65"]
[Black "kenneth m day"]
[Result "1-0"]
[WhiteCountry "POL"]
[BlackCountry "USA"]
[WhiteElo "2006"]
[WhiteRD "73"]
[BlackElo "1897"]
[BlackRD "56"]
[GameID "289230"]

1. e4 e6 2. d4 d5 3. e5 c5 4. c3 Nc6 5. Nf3 Qb6 6. a3 Bd7 7. b4 cxd4 8. cxd4 Nge7 9. Nc3 a6 10. Bb2 Nf5
11. Na4 Qc7 12. Rc1 Rc8 13. Bd3 Be7 14. O-O Qd8 15. Nc5 Rc7 16. Qb3 O-O 17. Bxf5 exf5 18. Qxd5 Be6 19. Qxd8 Rxd8 20. Nxe6 fxe6
21. Nd2 Rdc8 22. Nb3 b6 23. Rfd1 Bg5 24. Rc3 Ne7 25. Rxc7 Rxc7 26. g3 Nd5 27. f4 Be7 28. Rc1 Rxc1+ 29. Bxc1 Kf7 30. Kf2 Bd8
31. Bd2 h5 32. h4 Be7 33. Ke2 Ke8 34. Kd3 Kd7 35. Kc4 Kc6 36. Nc1 Bf8 37. Nd3 Be7 38. a4 Bf8 39. b5+ axb5+ 40. axb5+ Kb7
41. Nb2 Be7 42. Na4 Bf8 43. Nc3 Bb4 44. Nxd5 Bxd2 45. Nf6 g6 46. d5 exd5+ 47. Nxd5 Ba5 48. Ne7 Be1 49. Nxg6 Bxg3 50. Kd5 Kc7
51. Ke6 Kd8 52. Kf7 Bf2 53. e6
1-0

[Event "Africa Cup"]
[Site "SchemingMind.com"]
[Date "2011.09.18"]
[Round "-"]
[White "Andreas Flato"]
[Black "loco61"]
[Result "0-1"]
[WhiteCountry "GER"]
[BlackCountry "ENG"]
[WhiteElo "1797"]
[WhiteRD "69"]
[BlackElo "1700"]
[BlackRD "73"]
[GameID "293216"]

1. e4 e5 2. Nf3 Nc6 3. Bc4 Nf6 4. Ng5 d5 5. exd5 Nxd5 6. d3 f6 7. Ne4 Be6 8. O-O Be7 9. Nbc3 Nxc3 10. Nxc3 Bxc4
11. dxc4 O-O 12. Be3 Qxd1 13. Raxd1 Rad8 14. a3 Rxd1 15. Rxd1 Bd6 16. b4 a5 17. c5 Be7 18. Rd7 Rd8 19. Rxc7 axb4 20. axb4 Nxb4
21. Rxe7 Na2 22. g3 Nxc3 23. Rxb7 Rc8 24. Rb3 Ne4 25. Kf1 Kf8 26. Ke2 Ke8 27. Rb5 Nc3+
0-1

[Event "Africa Cup"]
[Site "SchemingMind.com"]
[Date "2011.09.18"]
[Round "-"]
[White "loco61"]
[Black "Andreas Flato"]
[Result "0-1"]
[WhiteCountry "ENG"]
[BlackCountry "GER"]
[WhiteElo "1700"]
[WhiteRD "73"]
[BlackElo "1797"]
[BlackRD "69"]
[GameID "293219"]

1. e4 d6 2. d4 e5 3. dxe5 dxe5 4. Qxd8+ Kxd8 5. Nf3 f6 6. Bc4 Bc5 7. Nc3 c6 8. O-O Ne7 9. h3 Nd7 10. Bd2 Nb6
11. Bb3 Kc7 12. Rad1 a5 13. a4 Bd7 14. Ba2 Ng6 15. Ne2 Nxa4 16. b3 Nb6 17. Ra1 a4 18. Rfb1 axb3 19. Bxb3 Rxa1 20. Rxa1 Ra8
21. Bc3 Rxa1+ 22. Bxa1 Nf4 23. Nxf4 exf4 24. Bd4 Bxd4 25. Nxd4 g5 26. Ne6+ Bxe6 27. Bxe6 Kd6 28. Bb3 Nd7 29. f3 Kc5 30. Kf2 Kd4
31. Ke2 Kc3 32. Kd1 c5 33. Bd5 b6 34. Kc1 Ne5 35. Bb3 b5 36. Bd5 c4 37. Bg8 b4 38. Kb1 b3 39. cxb3 cxb3 40. Bxh7 Nc4
41. Bg8 Nd2+
0-1

[Event "Africa Cup"]
[Site "SchemingMind.com"]
[Date "2011.10.04"]
[Round "-"]
[White "Scooter"]
[Black "John Hamer"]
[Result "1/2-1/2"]
[WhiteCountry "USA"]
[BlackCountry "ENG"]
[WhiteElo "1806"]
[WhiteRD "55"]
[BlackElo "1995"]
[BlackRD "65"]
[GameID "294612"]

1. d4 d5 2. Nf3 e6 3. Bf4 Nf6 4. h3 c5 5. e3 Nc6 6. c3 Bd6 7. Bxd6 Qxd6 8. Bb5 O-O 9. O-O Bd7 10. Nbd2 Nxd4
11. Nxd4 cxd4 12. Bxd7 Nxd7 13. cxd4 Rfc8 14. Rc1 Qb4 15. Rc2 Qa5 16. a3 Qd8 17. Nf3 Nf6 18. Qb1 Ne4 19. Rfc1 Nd6=
1/2-1/2

[Event "Africa Cup"]
[Site "SchemingMind.com"]
[Date "2011.10.04"]
[Round "-"]
[White "John Hamer"]
[Black "Scooter"]
[Result "1-0"]
[WhiteCountry "ENG"]
[BlackCountry "USA"]
[WhiteElo "1995"]
[WhiteRD "65"]
[BlackElo "1806"]
[BlackRD "55"]
[GameID "294614"]

1. e4 c6 2. Nf3 d5 3. Nc3 dxe4 4. Nxe4 Bg4 5. Bc4 e6 6. O-O Nd7 7. d4 Ngf6 8. Ng3 Bd6 9. h3 Bxf3 10. Qxf3 O-O
11. Be3 Nd5 12. Ne4 Nxe3 13. fxe3 Nf6 14. Ng3 Bxg3 15. Qxg3 Ne4 16. Qe1 Qg5 17. h4 Qg3 18. Rf4 Qxe1+ 19. Rxe1 Nd6 20. Bb3 a5
21. a4 b5 22. e4 Rfd8 23. e5 Nf5 24. c3 Kf8 25. g4 Nxh4 26. Bxe6 Ra7 27. Ref1 f6 28. exf6 bxa4 29. g5 Ng6 30. Rf5 Nh4
31. Rc5 Rd6 32. d5 gxf6 33. Rxf6+ Kg7 34. dxc6
1-0

[Event "Africa Cup"]
[Site "SchemingMind.com"]
[Date "2011.11.13"]
[Round "-"]
[White "Yellow"]
[Black "zogger"]
[Result "0-1"]
[WhiteCountry "INT"]
[BlackCountry "GER"]
[WhiteElo "2183"]
[WhiteRD "69"]
[BlackElo "2266"]
[BlackRD "79"]
[GameID "296775"]

1. Nf3 Nf6 2. c4 g6 3. d4 Bg7 4. Nc3 O-O 5. e4 d6 6. Be2 e5 7. O-O Nc6 8. d5 Ne7 9. Ne1 Nd7 10. Be3 f5
11. f3 f4 12. Bf2 g5 13. a4 a5 14. Nd3 b6 15. b4 axb4 16. Nxb4 Nf6 17. Nd3 h5 18. Nb5 g4 19. Qd2 gxf3 20. gxf3 Bh3
21. Rfc1 Bh6 22. Kh1 Kh7 23. Bf1 Qd7 24. Qe2 Rg8 25. Bh4 Bxf1 26. Rxf1 Bg5 27. Be1 Ne8 28. Rg1 Bf6 29. Rxg8 Kxg8 30. Qg2+ Kf8
31. Bc3 c6 32. dxc6 Nxc6 33. Nb4 Ne7 34. Be1 Qc8 35. Qe2 Qc5 36. Rb1 Qe3 37. Qd1 Qc5 38. Rc1 Qc8 39. Kg2 Qd7 40. Bf2 Ng6
41. Nd5 Bd8 42. Kh1 Qh3 43. Ra1 Rb8 44. Qe2 Ne7=
0-1

[Event "Africa Cup"]
[Site "SchemingMind.com"]
[Date "2011.11.14"]
[Round "-"]
[White "zogger"]
[Black "Yellow"]
[Result "1-0"]
[WhiteCountry "GER"]
[BlackCountry "INT"]
[WhiteElo "2247"]
[WhiteRD "74"]
[BlackElo "2343"]
[BlackRD "68"]
[GameID "296783"]

1. Nf3 Nf6 2. g3 b5 3. Bg2 Bb7 4. d3 e6 5. Nbd2 Be7 6. O-O O-O 7. e4 d5 8. e5 Nfd7 9. Re1 c5 10. Nf1 Nc6
11. h4 Qc7 12. Bf4 a5 13. N1h2 a4 14. a3 Rfc8 15. Ng4 h6 16. c3 Nb6 17. Nf6+ Kh8 18. Ng5 Bf8 19. Qh5 Nd8 20. Ngh7 g6
21. Qe2 Bg7 22. Ne8 Qe7 23. Nhf6 Bxf6 24. Nxf6 Qf8 25. Qd2 h5 26. Bh6 Qe7 27. Qg5 Nc6 28. g4 Rg8 29. gxh5 Rac8 30. hxg6 fxg6
31. Bh3 Nd8 32. Kh2 Nf7 33. Nxg8 Qxg5 34. Bxg5 Nxg5 35. hxg5 Rxg8 36. Bxe6 Re8 37. Bg4 Bc8 38. Kg3 Kg7 39. f4 Re7 40. Rh1 Be6
41. Bxe6 Rxe6 42. Rh6 Nd7 43. f5 Rxe5 44. Rxg6+ Kf7 45. Kf4 Re2 46. Rd6 Rf2+ 47. Ke3
1-0

[Event "Africa Cup"]
[Site "SchemingMind.com"]
[Date "2011.11.13"]
[Round "-"]
[White "Andreas Flato"]
[Black "zyga65"]
[Result "0-1"]
[WhiteCountry "GER"]
[BlackCountry "POL"]
[WhiteElo "1792"]
[WhiteRD "72"]
[BlackElo "2006"]
[BlackRD "73"]
[GameID "296838"]

1. e4 c5 2. a3 Nc6 3. b4 cxb4 4. axb4 Nxb4 5. d4 d5 6. Ra4 e6 7. c3 Nc6 8. exd5 exd5 9. Bb5 Nf6 10. f3 Bd6
11. Qe2+ Be6 12. Bxc6+ bxc6 13. Kf2 O-O 14. g4 Rb8 15. Nd2 Re8 16. Qd3 Bd7 17. Rxa7 c5 18. Ba3 c4 19. Qc2 Bxa3 20. Rxa3 Qe7
21. Ra1 Qe3+ 22. Kg2 h5 23. h3 h4 24. Nf1 Qd3 25. Qc1 Re7 26. Rh2 Rbe8 27. Kh1 Re1
0-1

[Event "Africa Cup"]
[Site "SchemingMind.com"]
[Date "2011.11.12"]
[Round "-"]
[White "zyga65"]
[Black "Andreas Flato"]
[Result "1-0"]
[WhiteCountry "POL"]
[BlackCountry "GER"]
[WhiteElo "2027"]
[WhiteRD "75"]
[BlackElo "1778"]
[BlackRD "70"]
[GameID "296847"]

1. e4 d6 2. d4 e5 3. dxe5 dxe5 4. Qxd8+ Kxd8 5. Nf3 f6 6. Be3 Be6 7. Nc3 c6 8. O-O-O+ Kc7 9. a3 Nd7 10. Nd2 Bc5
11. Bxc5 Nxc5 12. b4 Nd7 13. Bc4 Bxc4 14. Nxc4 Ne7 15. Rd3 Nb6 16. Rhd1 Rad8 17. Rxd8 Rxd8 18. Rxd8 Kxd8 19. Nd6 Kc7 20. Ne8+ Kd7
21. Nxg7 Nc4 22. a4 a6 23. Nh5 Ng8 24. a5 Ke6 25. Na4 Kd6 26. Kd1 Na3 27. Nc5 Kc7 28. g4 Nb5 29. h4 Nd4 30. Ng7 Nf3
31. Nf5 Nh2 32. g5 Ng4 33. Ke2 fxg5 34. hxg5
1-0

[Event "Africa Cup"]
[Site "SchemingMind.com"]
[Date "2011.12.04"]
[Round "-"]
[White "John Hamer"]
[Black "zyga65"]
[Result "1/2-1/2"]
[WhiteCountry "ENG"]
[BlackCountry "POL"]
[WhiteElo "1942"]
[WhiteRD "69"]
[BlackElo "2036"]
[BlackRD "83"]
[GameID "298380"]

1. d4 Nf6 2. Nf3 d5 3. Bg5 e6 4. e3 c5 5. Nbd2 Nc6 6. c3 Be7 7. Bd3 O-O 8. O-O b6 9. Ne5 Nxe5 10. dxe5 Nd7
11. Bxe7 Qxe7 12. f4 Bb7 13. Nf3 f6 14. exf6 Rxf6 15. Ng5 Rh6 16. h3 c4 17. Bc2 e5 18. Bf5 Nc5 19. Qg4 exf4 20. exf4 Rf8
21. Rfe1 Qf6 22. Re5 g6 23. Be6+ Kh8 24. Bxd5 Bxd5 25. Rxd5 Rh5 26. Rd4 h6 27. Nf3 Nd3 28. Rxc4 Nxf4 29. Rc8 Kg8 30. Re1 Rf5
31. Ree8 Rxe8 32. Rxe8+ Kh7 33. Nd4 h5 34. Qf3 Re5 35. Ra8 Re7 36. Kh2 h4 37. Nc6 Qd6 38. Rd8 Qc7 39. Nxe7 Qxd8 40. Nc6 Qd6
41. Kh1 Nh5 42. Qf7+ Kh6 43. Nd4 Ng3+ 44. Kg1 Qe5 45. Qf8+ Kh5 46. Qf3+=
1/2-1/2

[Event "Africa Cup"]
[Site "SchemingMind.com"]
[Date "2011.12.03"]
[Round "-"]
[White "zyga65"]
[Black "John Hamer"]
[Result "1-0"]
[WhiteCountry "POL"]
[BlackCountry "ENG"]
[WhiteElo "2036"]
[WhiteRD "83"]
[BlackElo "1942"]
[BlackRD "69"]
[GameID "298383"]

1. e4 e5 2. d4 d6 3. Nf3 Nf6 4. dxe5 Nxe4 5. Bc4 c6 6. exd6 Nxd6 7. Bb3 Be7 8. O-O O-O 9. Bf4 Nf5 10. Nc3 Nd7
11. Ne4 Qb6 12. g4 Nh6 13. h3 a5 14. a4 Nc5 15. Nxc5 Bxc5 16. Ne5 Bd4 17. Nc4 Qa7 18. c3 Bc5 19. Qc1 Be6 20. Bxh6 gxh6
21. Qxh6 Rae8 22. Rad1 Bd5 23. Qg5+ Kh8 24. Qf6+ Kg8= 25. Bc2 Qb8 26. Qh4 h6 27. Rxd5 cxd5 28. Qxh6 f5 29. Qg6+ Kh8 30. Qh5+ Kg7
31. Qg5+ Kh8= 32. Qh4+ Kg7 33. Bxf5 Rxf5 34. gxf5 dxc4 35. f6+ Kg6 36. Kh1 Bf8 37. Rg1+ Kf7 38. Qh5+ Kxf6 39. Qg6+ Ke7 40. Re1+ Kd7
41. Qf7+ Be7 42. Rd1+ Kc6 43. Qxc4+
1-0

[Event "Africa Cup"]
[Site "SchemingMind.com"]
[Date "2012.03.23"]
[Round "-"]
[White "lp182"]
[Black "docjan"]
[Result "0-1"]
[WhiteCountry "CHI"]
[BlackCountry "SWE"]
[WhiteElo "2125"]
[WhiteRD "98"]
[BlackElo "2298"]
[BlackRD "59"]
[GameID "305952"]

1. d4 Nf6 2. Nf3 d5 3. e3 g6 4. c4 Bg7 5. Nc3 O-O 6. Be2 c5 7. dxc5 Na6 8. cxd5 Nxc5 9. O-O Qd6 10. Qd2 a6
11. Ng5 h6 12. b4 Ncd7 13. Nf3 Nxd5 14. Nd4 Nxc3 15. Qxc3 e5 16. Nf3 e4 17. Nd4 Ne5 18. Ba3 b5 19. Qc5 Qf6 20. Qd5 Bf5
21. Rac1 Rfd8 22. Qb3 Bg4 23. Bb2 Bxe2 24. Nxe2 Nf3+ 25. gxf3 Qxb2 26. Qxb2 Bxb2 27. Rc2 exf3 28. Rxb2 fxe2 29. Re1 Rac8 30. Rexe2 Rd3
31. Kg2 Kf8 32. Rec2 Rcc3 33. Rxc3 Rxc3 34. Kf3 Ke7 35. Rb3 Rc6 36. Rd3 Ke6 37. Kg3 g5
0-1

[Event "Africa Cup"]
[Site "SchemingMind.com"]
[Date "2012.06.19"]
[Round "-"]
[White "zyga65"]
[Black "docjan"]
[Result "0-1"]
[WhiteCountry "POL"]
[BlackCountry "SWE"]
[WhiteElo "2078"]
[WhiteRD "88"]
[BlackElo "2317"]
[BlackRD "62"]
[GameID "312434"]

1. e4 e5 2. d4 exd4 3. Nf3 Bb4+ 4. c3 dxc3 5. bxc3 Bc5 6. Bc4 d6 7. O-O Nc6 8. Re1 Nf6 9. e5 dxe5 10. Qxd8+ Kxd8
11. Ba3 Bxa3 12. Nxa3 e4 13. Ng5 Ne5 14. Rad1+ Ke7 15. Nxe4 Nxc4 16. Ng5+ Be6 17. Nxc4 Rhd8 18. Rb1 b6 19. g3 Nd7 20. Nxe6 fxe6
21. Re2 Nc5 22. Ne5 Rd6 23. Rb4 Nd7 24. Nf3 c5 25. Rbe4 Nf6 26. Re5 h6 27. Kg2 Nd7 28. R5e4 a6 29. Nd2 b5 30. a3 c4
31. Nf3 Re8 32. Nd4 Kf7 33. Rf4+ Nf6 34. h3 e5
0-1

[Event "Africa Cup"]
[Site "SchemingMind.com"]
[Date "2012.06.20"]
[Round "-"]
[White "docjan"]
[Black "zyga65"]
[Result "1-0"]
[WhiteCountry "SWE"]
[BlackCountry "POL"]
[WhiteElo "2317"]
[WhiteRD "62"]
[BlackElo "2078"]
[BlackRD "88"]
[GameID "312438"]

1. d4 Nf6 2. c4 e6 3. Nc3 d5 4. Nf3 c6 5. Bg5 Be7 6. e3 Nbd7 7. Bd3 dxc4 8. Bxc4 b5 9. Bd3 a6 10. O-O Bb7
11. Qe2 c5 12. Bxf6 Nxf6 13. dxc5 b4 14. Na4 Qa5 15. Qc2 O-O 16. Ne5 Rac8 17. Rfc1 g6 18. a3 bxa3 19. Rxa3 Qc7 20. f4 Nd5
21. Bc4 Rfd8 22. Bxd5 Bxd5 23. Nb6 Rb8 24. Rxa6 Bf6 25. Ng4 Bg7 26. b4 Qb7 27. b5 Kf8 28. c6 Qc7 29. Nxd5 Rxd5 30. b6 Qd6
31. c7
1-0